000 01037cam a22003373a 4500
001 2803
003 PGUSA
005 20140828083021.0
008 010901s2001||||xxu|||||s|||||000 1 eng d
040 _aPGUSA
_beng
042 _adc
050 4 _aPS
100 1 _aCahan, Abraham,
_d1860-1951
245 1 4 _aThe Rise of David Levinsky
_h[electronic resource] /
_cAbraham Cahan
260 _bProject Gutenberg,
_c2001
506 _aPublic domain in the USA.
516 _aElectronic text
653 _aAssimilation (Sociology) -- Fiction
653 _aPsychological fiction
653 _aJews -- New York (State) -- New York -- Fiction
653 _aLower East Side (New York, N.Y.) -- Fiction
653 _aJewish fiction
653 _aJews -- Russia -- Fiction
653 _aJewish men -- Fiction
653 _aClothing trade -- Fiction
653 _aImmigrants -- Fiction
653 _aMillionaires -- Fiction
830 0 _aProject Gutenberg
_v2803
856 4 0 _uhttp://www.gutenberg.org/ebooks/2803
942 _cEB
999 _c232135
_d232135